Diseño y cálculo de estructuras pretensadas
Salvato in:
| Autore principale: | |
|---|---|
| Natura: | Libro |
| Lingua: | spagnolo |
| Pubblicazione: |
Barcelona
Marcombo
1975
|
| Soggetti: | |
| Tags: |
Aggiungi Tag
Nessun Tag, puoi essere il primo ad aggiungerne!!
|
MARC
| LEADER | 00000nam a2200000 a 4500 | ||
|---|---|---|---|
| 001 | UCP2936 | ||
| 003 | CL-VaPUC | ||
| 008 | 990604e19750000SP |||||||||||||||||spa|d | ||
| 082 | 0 | 4 | |a 624.182 |b JOH |2 21 |
| 100 | 0 | |a Johannson, Johannes |e author |9 429952 | |
| 245 | 1 | 0 | |a Diseño y cálculo de estructuras pretensadas |
| 300 | |a 582 p | ||
| 942 | |c BK | ||
| 945 | |d 19990604 00:00:00 |a cmena | ||
| 260 | |a Barcelona |b Marcombo |c 1975 | ||
| 650 | 0 | |a Estructuras |9 271908 | |
| 650 | 0 | |a Elementos estructurales |9 350100 | |
| 650 | 0 | |a Aceros |9 260685 | |
| 650 | 7 | |a CONSTRUCCION DE ACERO |2 CL-VaPUC |9 429953 | |
| 650 | 7 | |a PRODUCTOS METALICOS |2 CL-VaPUC |9 361353 | |
| 650 | 0 | |a Propiedades mecánicas |9 262507 | |
| 583 | |a last modification |c 19990604 00:00:00 |k Rodrigo Vera | ||
| 999 | |c 281399 |d 281397 | ||